<?xml version="1.0" encoding="UTF-8"?>
<collection xmlns="http://www.loc.gov/MARC21/slim">
 <record>
  <leader>01353nam a2200205Ia 4500</leader>
  <controlfield tag="001">TDMU_14249</controlfield>
  <controlfield tag="008">210410s9999    xx            000 0 und d</controlfield>
  <datafield tag="082" ind1=" " ind2=" ">
   <subfield code="a">344.59701</subfield>
  </datafield>
  <datafield tag="090" ind1=" " ind2=" ">
   <subfield code="b">Đ108</subfield>
  </datafield>
  <datafield tag="100" ind1=" " ind2=" ">
   <subfield code="a">Đào, Thanh Hải</subfield>
  </datafield>
  <datafield tag="245" ind1=" " ind2="0">
   <subfield code="a">Cẩm nang các văn bản mới về tổ chức và hoạt động, quyền và trách nhiệm của tổ chức Công đoàn Việt Nam</subfield>
  </datafield>
  <datafield tag="245" ind1=" " ind2="0">
   <subfield code="c">Đào Thanh Hải (sưu tầm và tuyển chọn)</subfield>
  </datafield>
  <datafield tag="260" ind1=" " ind2=" ">
   <subfield code="a">H.</subfield>
  </datafield>
  <datafield tag="260" ind1=" " ind2=" ">
   <subfield code="b">Lao động</subfield>
  </datafield>
  <datafield tag="260" ind1=" " ind2=" ">
   <subfield code="c">2004</subfield>
  </datafield>
  <datafield tag="300" ind1=" " ind2=" ">
   <subfield code="a">535 tr.</subfield>
  </datafield>
  <datafield tag="520" ind1=" " ind2=" ">
   <subfield code="a">Sách gồm 55 văn bản pháp luật liên quan đến tổ chức Công đoàn ở Việt Nam. Ngoài ra, sách còn giới thiệu bài phát biểu của đồng chí Nông Đức Mạnh và  bài diễn văn khai mạc (do đồng chí Cù Thị Hậu đọc) tại Đại hội Công đoàn Việt Nam lần thứ 9, ngày 11/10/2003.</subfield>
  </datafield>
  <datafield tag="650" ind1=" " ind2=" ">
   <subfield code="a">Văn bản pháp luật</subfield>
   <subfield code="x">Tổ chức Công đoàn</subfield>
   <subfield code="z">Việt Nam; Luật Lao động</subfield>
   <subfield code="z">Việt Nam; Công đoàn</subfield>
   <subfield code="z">Việt Nam</subfield>
   <subfield code="x">Tổ chức và hoạt động</subfield>
   <subfield code="x">Quyền và trách nhiệm</subfield>
  </datafield>
  <datafield tag="856" ind1=" " ind2=" ">
   <subfield code="u">http://lrc.tdmu.edu.vn/opac/search/detail.asp?aID=2&amp;ID=14249</subfield>
  </datafield>
  <datafield tag="980" ind1=" " ind2=" ">
   <subfield code="a">Trung tâm Học liệu Trường Đại học Thủ Dầu Một</subfield>
  </datafield>
 </record>
</collection>
